ՀՀ Գիտությունների ազգային ակադեմիայի հիմնարար գիտական գրադարան  =   Fundamental Scientific Library of NAS RA

Ազատութեան համար : (Record no. 93833)

MARC details
000 -LEADER
fixed length control field 01036nam a2200241 a 4500
003 - CONTROL NUMBER IDENTIFIER
control field AM-YeHGA
005 - DATE AND TIME OF LATEST TRANSACTION
control field 20250618071736.0
008 - FIXED-LENGTH DATA ELEMENTS--GENERAL INFORMATION
fixed length control field 030909s1911 ai 000 | arm d
040 ## - CATALOGING SOURCE
Original cataloging agency AM-YeHGA
090 ## - LOCALLY ASSIGNED LC-TYPE CALL NUMBER (OCLC); LOCAL CALL NUMBER (RLIN)
-- 95133
100 1# - MAIN ENTRY--PERSONAL NAME
Personal name Բիւրատ, Սմբատ,
Dates associated with a name 1862-1915
245 10 - TITLE STATEMENT
Title Ազատութեան համար :
Remainder of title Զեթունի վրէժը : (Պատմական վեպ) /
Statement of responsibility, etc. Ս. Բիւրատ.
246 11 - VARYING FORM OF TITLE
Title proper/short title Զեթունի վրէժը
260 ## - PUBLICATION, DISTRIBUTION, ETC.
Place of publication, distribution, etc. Կ. Պոլիս :
Name of publisher, distributor, etc. տպ. Վաղինակ Ս. Բիւրատ,
Date of publication, distribution, etc. 1911.
300 ## - PHYSICAL DESCRIPTION
Extent Հ. ;
Dimensions 18 սմ.
440 #0 - SERIES STATEMENT/ADDED ENTRY--TITLE
Title Ժամանակակից մատենաշար
Volume/sequential designation Թիւ 20.
9 (RLIN) 4572
500 ## - GENERAL NOTE
General note Հրատ.՝ Վաղինակ Ս. Բիւրատ
505 00 - FORMATTED CONTENTS NOTE
Miscellaneous information Հ. Ա-Դ (1911, 958 էջ, դիմանկ., նկ., քարտեզ.)
650 14 - SUBJECT ADDED ENTRY--TOPICAL TERM
Topical term or geographic name entry element Հայ գրականություն
General subdivision Վեպ
700 1# - ADDED ENTRY--PERSONAL NAME
Personal name Բիւրատ, Վաղինակ,
Dates associated with a name 1888-?
Relator term հրատ.
Relationship pbl
856 4# - ELECTRONIC LOCATION AND ACCESS
Uniform Resource Identifier <a href="https://arar.sci.am/dlibra/publication/304588/edition/279521/content">https://arar.sci.am/dlibra/publication/304588/edition/279521/content</a>
Link text Կարդալ առցանց, Հատոր Ա-Դ
942 ## - ADDED ENTRY ELEMENTS (KOHA)
Source of classification or shelving scheme Universal Decimal Classification
Koha item type Գրքեր / Books
Holdings
Withdrawn status Lost status Source of classification or shelving scheme Damaged status Not for loan Collection Home library Current library Date acquired Serial enumeration / chronology Total checkouts Full call number Barcode Date last seen Price effective from Koha item type Public note
    Universal Decimal Classification     General Fundamental Scientific Library Fundamental Scientific Library 22/12/2016 Հ. Ա-Դ   AII/3824 FL0026264 22/12/2016 22/12/2016 Գրքեր / Books 30 Days Loan
    Universal Decimal Classification     General Fundamental Scientific Library Fundamental Scientific Library 22/12/2016 Հ. Ա-Դ   AII/499119 220049119 22/12/2016 22/12/2016 Գրքեր / Books 30 Days Loan


ՀՀ ԳԱԱ հիմնարար գիտական գրադարան
ՀՀ,Երևան 0019
Մարշալ Բաղրամյան 24/6
հեռախոս:(374-10) 52-47-50
Հետադարձ կապ

All site content, except where otherwise noted, is licensed under a
Creative Commons License